000 00356cam a2200145ua 4500
041 _aeng
_h
082 _a823.308
_bHUX/PO
100 _aHuxley, Aldous .
245 _aPoint counter point /
_cAldous Huxley.
_hTextual Documents
260 _aLondon :
_bChatto and winds ,
_c1963.
300 _a601 ; .
504 _a
942 _cBK
999 _c1025
_d1025